Dutch Players in UEFA Champions League (2000-) - Statistics

General Stats
  • This quiz has been taken 89 times
  • The average score is 65 of 272
Answer Stats
Ranking Player Positions Nationality Matches Goals (assists) Periods Clubs % Correct
1 Arjen Robben MF, FW 110 31 (16) 2002-2019
98%
10 Virgil van Dijk DF 58 3 (4) 2013-2014, 2017-2019, 2021-2022, 2024-2025
98%
11 Frenkie de Jong DF, MF 55 0 (1) 2018-2025
95%
13 Luuk de Jong FW 51 14 (3) 2010-2011, 2015-2016, 2018-2019, 2020-2021, 2023-2025
95%
16 Nigel de Jong MF 46 5 (1) 2002-2006, 2011-2014
95%
9 Robin van Persie FW 59 25 (7) 2002-2003, 2004-2014
95%
47 Siem de Jong MF, FW 26 4 (1) 2010-2013, 2016-2017, 2019-2020
95%
3 Wesley Sneijder MF 74 12 (20) 2002-2005, 2007-2016
95%
8 Edwin van der Sar GK 60 0 (0) 2000-2001, 2005-2011
94%
61 John de Jong MF 18 4 (0) 2000-2001, 2003-2005
94%
19 Matthijs de Ligt DF 42 2 (1) 2018-2024
92%
34 Memphis MF, FW 32 9 (3) 2015-2016, 2018-2019, 2021-2024
91%
6 Ruud van Nistelrooy FW 63 48 (17) 2001-2010
91%
5 Daley Blind DF, MF 65 2 (3) 2011-2013, 2015-2016, 2017-2022, 2024-2025
88%
26 Rafael van der Vaart MF 37 9 (4) 2002-2004, 2006-2007, 2008-2011
88%
15 Georginio Wijnaldum MF, FW 46 7 (2) 2017-2022
86%
2 Clarence Seedorf MF 88 8 (16) 2002-2007, 2009-2012
85%
89 Justin Kluivert MF, FW 12 2 (0) 2018-2019, 2020-2021
85%
44 Nathan Aké DF, MF 28 1 (2) 2014-2015, 2020-2025
85%
28 Patrick Kluivert FW 35 13 (5) 2000-2002, 2006-2007
85%
17 Stefan de Vrij DF 45 1 (2) 2018-2025
85%
41 Ryan Gravenberch MF 29 1 (1) 2020-2022, 2024-2025
83%
18 Denzel Dumfries DF, MF 42 3 (5) 2018-2019, 2021-2025
82%
21 Klaas-Jan Huntelaar FW 40 13 (3) 2009-2010, 2012-2014, 2018-2021
80%
30 Donny van de Beek MF, FW 34 6 (3) 2018-2021, 2024-2025
77%
4 Mark van Bommel MF 72 6 (7) 2000-2006, 2008-2012
75%
25 Dirk Kuyt DF, FW 37 9 (5) 2006-2010
74%
22 Giovanni van Bronckhorst DF, MF 40 3 (8) 2000-2002, 2004-2007
74%
38 Donyell Malen MF, FW 31 6 (1) 2018-2019, 2021-2025
72%
24 Edgar Davids MF 38 1 (4) 2000-2005
71%
36 Jaap Stam DF 32 2 (1) 2000-2001, 2003-2006
71%
35 Dennis Bergkamp FW 32 5 (5) 2000-2006
69%
45 Jurriën Timber DF 28 1 (1) 2020-2022, 2024-2025
69%
85 Quinten Timber MF 13 0 (2) 2023-2025
69%
98 Cody Gakpo MF, FW 11 3 (1) 2018-2019, 2022-2023, 2024-2025
68%
73 Jeremie Frimpong DF, MF, FW 15 0 (5) 2022-2023, 2024-2025
65%
40 Marten de Roon DF, MF 31 0 (2) 2019-2021, 2024-2025
65%
7 Roy Makaay FW 61 28 (4) 2000-2007
65%
81 Teun Koopmeiners DF, MF 14 0 (1) 2021-2022, 2024-2025
65%
56 Jasper Cillessen GK 20 0 (0) 2013-2014, 2016-2020
63%
58 Steven Bergwijn MF, FW 19 2 (2) 2015-2016, 2018-2019, 2022-2023
63%
29 Frank de Boer DF 35 3 (0) 2000-2004
62%
143 Ronald de Boer MF, FW 6 1 (3) 2000-2001
62%
84 Xavi Simons MF, FW 13 2 (2) 2023-2025
62%
14 Ryan Babel MF, FW 47 9 (4) 2004-2005, 2007-2009, 2012-2013, 2017-2018, 2019-2020
60%
23 Gregory van der Wiel DF 39 1 (7) 2010-2016
55%
66 Tijjani Reijnders MF, FW 16 3 (0) 2023-2025
55%
57 Marc Overmars MF, FW 19 2 (3) 2000-2003
54%
64 Ian Maatsen DF, MF, FW 17 2 (0) 2023-2025
52%
76 Kevin Strootman MF 15 0 (1) 2014-2015, 2017-2018, 2020-2021
52%
55 Steven Berghuis MF, FW 20 6 (5) 2017-2018, 2021-2023
52%
60 Maarten Stekelenburg GK 19 0 (0) 2002-2003, 2004-2005, 2010-2011
51%
12 Phillip Cocu DF, FW 54 6 (4) 2000-2002, 2004-2007
51%
189 Wout Weghorst FW 5 0 (0) 2021-2022
51%
39 Noa Lang MF, FW 31 3 (4) 2019-2025
48%
54 Bas Dost FW 21 4 (0) 2015-2017, 2021-2022
46%
27 Ibrahim Afellay MF, FW 37 3 (3) 2005-2008, 2010-2012, 2014-2015
46%
70 Quincy Promes DF, MF, FW 15 6 (3) 2017-2018, 2019-2021
45%
50 Mitchel Bakker DF, MF, FW 23 1 (1) 2020-2021, 2022-2023, 2024-2025
43%
233 Lesly de Sa MF, FW 2 0 (0) 2013-2014
42%
53 Arnaut Danjuma MF, FW 21 8 (4) 2018-2019, 2021-2022, 2024-2025
40%
67 Hans Hateboer DF, MF 16 2 (3) 2019-2022
40%
63 Joël Veltman DF 18 0 (0) 2013-2014, 2018-2020
40%
31 Davy Klaassen MF 33 4 (2) 2011-2012, 2013-2014, 2020-2024
37%
232 Joshua Zirkzee MF, FW 2 0 (0) 2019-2021
37%
83 Lutsharel Geertruida DF, MF 14 0 (0) 2023-2025
35%
42 Michael Reiziger DF 29 0 (1) 2000-2002, 2005-2007
35%
219 Michel Vorm GK 3 0 (0) 2017-2019
35%
171 Sven Botman DF 6 0 (0) 2021-2022, 2023-2024
35%
37 Urby Emanuelson DF, MF, FW 32 1 (0) 2005-2006, 2010-2014
35%
20 Jan Vennegoor of Hesselink FW 41 6 (5) 2001-2009
34%
109 Brian Brobbey FW 11 0 (0) 2020-2023
32%
217 Marco van Ginkel MF, FW 3 0 (0) 2013-2014, 2015-2016
31%
101 Theo Janssen MF 11 2 (1) 2010-2012
31%
104 Vincent Janssen FW 11 1 (0) 2016-2017, 2023-2024
31%
69 John Heitinga DF, MF 16 0 (0) 2003-2005, 2008-2009
29%
160 Joris Mathijsen DF 6 0 (0) 2006-2007
29%
82 Kenneth Vermeer GK 14 0 (0) 2011-2013, 2017-2018
28%
87 Remko Pasveer GK 13 0 (0) 2016-2017, 2021-2023
28%
33 André Ooijer DF 33 2 (0) 2000-2005, 2010-2011
25%
51 Boudewijn Zenden DF, FW 23 0 (1) 2000-2001, 2005-2009
25%
77 Bruno Martins Indi DF 15 0 (0) 2014-2016
25%
137 Jimmy Floyd Hasselbaink FW 7 1 (2) 2003-2004
25%
162 Justin Bijlow GK 6 0 (0) 2023-2025
25%
102 Royston Drenthe DF, MF 11 1 (1) 2007-2010
25%
202 Tyrell Malacia DF 4 0 (0) 2017-2018, 2024-2025
25%
227 Dani de Wit MF, FW 2 0 (0) 2018-2019
23%
80 Jerdy Schouten DF, MF 14 1 (0) 2023-2025
23%
201 Sven van Beek DF 4 0 (0) 2017-2018
23%
187 Timothy Fosu-Mensah DF 5 0 (0) 2020-2021, 2022-2023
23%
194 Daley Sinkgraven DF, MF 4 0 (0) 2018-2020
22%
95 Jeffrey Bruma DF 12 0 (0) 2010-2011, 2015-2016, 2018-2019
22%
59 Jeroen Zoet GK 19 0 (0) 2015-2016, 2018-2019
22%
74 Joey Veerman MF, FW 15 0 (3) 2023-2025
22%
197 Lamare Bogarde DF, MF 4 0 (0) 2024-2025
22%
181 Mario Melchiot DF 5 0 (0) 2003-2004
22%
165 Patrick van Aanholt DF 6 0 (0) 2010-2011, 2023-2024
22%
153 Alexander Büttner DF, MF 6 0 (0) 2012-2014
20%
52 Andy van der Meyde MF, FW 22 3 (0) 2002-2005
20%
103 Jordan Teze DF 11 1 (0) 2023-2025
20%
99 Pierre van Hooijdonk FW 11 3 (1) 2001-2002, 2004-2005
20%
210 Edson Braafheid DF 3 0 (0) 2009-2011
18%
135 Khalid Boulahrouz DF 8 0 (0) 2006-2007, 2009-2010
18%
108 Perr Schuurs DF 11 0 (1) 2019-2022
18%
127 Rick Karsdorp DF, MF, FW 9 0 (0) 2018-2019, 2024-2025
18%
204 Ricky van Wolfswinkel MF, FW 3 1 (0) 2017-2018
18%
129 Thijs Dallinga FW 8 1 (0) 2024-2025
18%
32 Wilfred Bouma DF 33 3 (0) 2000-2005
18%
65 Guus Til MF, FW 17 0 (2) 2023-2025
17%
72 Jerry St. Juste DF 15 1 (0) 2017-2018, 2022-2023, 2024-2025
17%
125 Karim Rekik DF 9 0 (0) 2020-2023
17%
134 Kenny Tete DF, MF 8 0 (0) 2018-2020
17%
126 Marco Bizot GK 9 0 (0) 2024-2025
17%
122 Devyne Rensch DF 9 0 (0) 2021-2023
15%
116 Jurgen Ekkelenkamp MF, FW 10 0 (0) 2018-2020, 2023-2024
15%
110 Nick Viergever DF 11 0 (0) 2014-2015, 2018-2019
15%
130 Owen Wijndal DF 8 0 (1) 2022-2024
15%
168 Quilindschy Hartman DF 6 0 (0) 2023-2024
15%
118 Demy de Zeeuw MF 9 3 (1) 2010-2011, 2012-2014
14%
136 Jeremain Lens MF, FW 7 2 (0) 2009-2010, 2017-2018
14%
138 Jetro Willems DF, MF 7 0 (0) 2015-2017
14%
90 Luciano Narsingh MF, FW 12 2 (0) 2015-2017
14%
48 Ruud Vormer MF 24 2 (4) 2016-2017, 2018-2022
14%
131 Sam Beukema DF 8 0 (1) 2024-2025
14%
141 Stijn Schaars MF 7 0 (0) 2009-2010, 2015-2016
14%
78 Davy Pröpper MF 14 2 (0) 2015-2017
12%
237 Raimond van der Gouw GK 2 0 (0) 2000-2001
12%
100 Ryan Flamingo DF, MF 11 3 (0) 2024-2025
12%
142 Wesley Hoedt DF 7 0 (0) 2020-2021
12%
112 Bjorn Meijer DF, MF 10 1 (1) 2022-2023, 2024-2025
11%
96 Danny Koevermans FW 11 4 (0) 2007-2009
11%
124 Hedwiges Maduro DF, MF 9 0 (0) 2005-2006, 2010-2011
11%
148 Jonathan de Guzmán MF 6 1 (0) 2011-2012
11%
121 Kenneth Taylor DF, MF, FW 9 0 (1) 2021-2023
11%
144 Mats Wieffer DF, MF 6 1 (1) 2023-2024
11%
49 Ricardo van Rhijn DF 24 0 (1) 2012-2014, 2016-2017
11%
140 Richard Witschge MF 7 0 (0) 2002-2003
11%
46 Ronald Waterreus GK 27 0 (0) 2000-2003, 2005-2006
11%
267 Tahith Chong MF, FW 1 0 (0) 2018-2019
11%
105 Tonny Vilhena MF 11 0 (3) 2017-2018, 2020-2021
11%
190 Youri Mulder FW 4 1 (0) 2001-2002
11%
119 Calvin Stengs MF, FW 9 1 (1) 2023-2025
9%
208 Danilho Doekhi DF 3 0 (0) 2023-2024
9%
107 Fernando Ricksen DF, MF 11 0 (1) 2000-2001, 2003-2004, 2005-2006
9%
62 Jan Kromkamp DF 18 1 (1) 2005-2009
9%
117 Otman Bakkal MF, FW 10 0 (0) 2007-2009
9%
114 Paul Bosvelt DF, MF 10 1 (0) 2001-2003
9%
260 Riechedly Bazoer DF, MF 1 0 (0) 2018-2019
9%
264 Sander Boschker GK 1 0 (0) 2010-2011
9%
188 Wout Brama MF 5 0 (0) 2010-2011
9%
97 Antoni Milambo MF, FW 11 3 (1) 2023-2025
8%
174 Anwar El Ghazi MF, FW 5 1 (0) 2014-2015
8%
71 Arnold Bruggink MF, FW 15 4 (1) 2000-2003
8%
241 Aron Winter MF 1 0 (0) 2002-2003
8%
176 Arthur Numan DF 5 0 (0) 2000-2001
8%
79 Derk Boerrigter MF, FW 14 2 (0) 2011-2014
8%
215 Jaïro Riedewald DF, MF 3 0 (0) 2014-2015
8%
251 Joel Drommel GK 1 0 (0) 2024-2025
8%
75 Jorrit Hendrix DF, MF 15 0 (1) 2015-2016, 2018-2019
8%
128 Ola John MF, FW 8 1 (1) 2012-2015
8%
191 Ricardo Kishna MF, FW 4 0 (2) 2014-2015
8%
263 Sam Lammers MF, FW 1 0 (0) 2020-2021
8%
169 Sander Westerveld GK 6 0 (0) 2003-2004
8%
88 Thomas Beelen DF, MF 13 0 (0) 2023-2025
8%
271 Tygo Land MF 1 0 (0) 2024-2025
8%
205 Adam Maher MF 3 0 (2) 2015-2016
6%
132 Armando Obispo DF 8 0 (0) 2023-2025
6%
193 Bart Ramselaar MF, FW 4 0 (0) 2016-2017
6%
240 Carel Eiting MF 1 0 (1) 2018-2019
6%
146 Denny Landzaat MF 6 1 (0) 2010-2011
6%
115 Dirk Marcellis DF 10 0 (1) 2006-2009
6%
214 Henk Timmer GK 3 0 (0) 2001-2003
6%
248 Jan-Arie van der Heijden DF, MF 1 0 (0) 2017-2018
6%
163 Kjell Scherpen GK 6 0 (0) 2024-2025
6%
167 Peter Wisgerhof DF 6 0 (0) 2010-2011
6%
268 Terence Kongolo DF 1 0 (0) 2017-2018
6%
225 Youri Baas DF, FW 3 0 (0) 2022-2023
6%
91 Bart Nieuwkoop DF, MF 12 0 (1) 2017-2018, 2023-2025
5%
207 Boy Waterman GK 3 0 (0) 2017-2018
5%
203 Daniël de Ridder MF, FW 3 1 (0) 2004-2005
5%
209 Dwight Tiendalli DF 3 0 (0) 2010-2011
5%
94 Edwin Zoetebier GK 12 0 (0) 2001-2002, 2004-2005
5%
211 Erik Pieters DF, MF 3 0 (0) 2008-2009
5%
123 Evander Sno MF 9 0 (0) 2006-2008
5%
157 Gerald Sibon FW 6 0 (0) 2004-2006
5%
106 Gijs Smal DF, MF 11 0 (2) 2024-2025
5%
151 Isaac Babadi MF, FW 6 0 (1) 2023-2025
5%
249 Javairô Dilrosun MF, FW 1 0 (0) 2023-2024
5%
252 Justin Hoogma DF, MF 1 0 (0) 2018-2019
5%
180 Kew Jaliens DF 5 0 (0) 2009-2010
5%
111 Michael Mols FW 10 3 (0) 2000-2001, 2003-2004
5%
235 Michiel Kramer FW 2 0 (0) 2017-2018
5%
255 Miquel Nelom DF 1 0 (0) 2017-2018
5%
164 Nico-Jan Hoogma DF 6 0 (0) 2000-2001
5%
43 Theo Lucius DF, MF 28 2 (1) 2000-2006
5%
172 Danny Hoesen FW 5 2 (0) 2012-2014
3%
145 David Mendes da Silva DF, MF 6 1 (0) 2009-2010
3%
120 Ernest Faber DF 9 1 (0) 2001-2004
3%
195 Jean-Paul van Gastel MF 4 0 (0) 2001-2002
3%
178 Jens Toornstra MF, FW 5 0 (0) 2017-2018
3%
133 Kees van Wonderen DF 8 0 (0) 2001-2003
3%
183 Mike van der Hoorn DF 5 0 (0) 2013-2015
3%
220 Niels Oude Kamphuis DF, MF 3 0 (0) 2001-2002
3%
185 Patrick Lodewijks GK 5 0 (0) 2001-2003
3%
92 Patrick Paauwe DF, MF 12 0 (1) 2001-2003
3%
149 Remco van der Schaaf DF, MF 6 1 (0) 2002-2004
3%
262 Roel Brouwers DF 1 0 (0) 2015-2016
3%
266 Solomon Bonnah DF 1 0 (0) 2021-2022
3%
113 Anthony Lurling MF, FW 10 1 (0) 2000-2001, 2002-2003
2%
177 Bert Konterman DF, MF 5 0 (0) 2000-2001
2%
93 Bram Nuytinck DF 12 0 (0) 2012-2015
2%
243 Dorus de Vries GK 1 0 (0) 2016-2017
2%
155 Douglas DF 6 0 (0) 2010-2011
2%
212 Givairo Read DF 3 0 (0) 2024-2025
2%
213 Glenn Loovens DF 3 0 (0) 2002-2003, 2008-2009
2%
247 Jan de Visser MF 1 0 (0) 2001-2002
2%
147 Jeffrey Talan MF, FW 6 1 (0) 2000-2001
2%
250 Jelle ten Rouwelaar GK 1 0 (0) 2002-2003
2%
161 Jürgen Colin DF 6 0 (0) 2001-2002, 2003-2004
2%
253 Kees Luijckx DF, MF 1 0 (0) 2009-2010
2%
68 Kevin Hofland DF 16 1 (0) 2000-2004
2%
216 Lerin Duarte MF, FW 3 0 (0) 2013-2014
2%
86 Lorenzo Ebecilio MF, FW 13 0 (1) 2011-2012, 2017-2019
2%
254 Luc Castaignos FW 1 0 (0) 2016-2017
2%
173 Marco van Hoogdalem DF 5 2 (0) 2001-2002
2%
182 Marvin Zeegelaar DF, FW 5 0 (0) 2016-2017
2%
139 Michael Lamey DF 7 0 (0) 2004-2007
2%
198 Mike Zonneveld DF, MF 4 0 (0) 2007-2008
2%
199 Nordin Wooter MF, FW 4 0 (0) 2005-2006
2%
186 Rajiv van La Parra MF, FW 5 0 (0) 2019-2020
2%
259 Rens van Eijden DF 1 0 (0) 2006-2007
2%
261 Rob Wielaert DF 1 0 (0) 2001-2002
2%
223 Stef Nijland MF, FW 3 0 (0) 2008-2009
2%
224 Ulrich van Gobbel DF 3 0 (0) 2001-2002
2%
272 Wessel Kuhn DF, FW 1 0 (0) 2024-2025
2%
239 Zepiqueno Redmond MF, FW 2 0 (0) 2024-2025
2%
192 Arjan Ebbinge DF 4 0 (0) 2000-2001
0%
242 Aymen Sliti MF, FW 1 0 (0) 2024-2025
0%
226 Björn van der Doelen MF 2 0 (0) 2000-2001
0%
206 Bobby Petta MF 3 0 (0) 2001-2002
0%
175 Chris van der Weerden DF 5 0 (1) 2000-2001
0%
154 Dennis de Nooijer FW 6 0 (0) 2000-2001
0%
244 Dylan Vente MF, FW 1 0 (0) 2017-2018
0%
245 Fabian Sporkslede DF, MF 1 0 (0) 2012-2013
0%
156 Ferry de Haan DF 6 0 (0) 2001-2003
0%
228 Gjivai Zechiël MF 2 0 (0) 2024-2025
0%
158 Harris Huizingh FW 6 0 (0) 2000-2001
0%
246 Harvey Wijngaarde DF 1 0 (0) 2000-2001
0%
229 Ignacio Tuhuteru MF 2 0 (0) 2000-2001
0%
230 Jan van Halst MF 2 0 (0) 2002-2003
0%
159 Jeffrey Leiwakabessy DF 6 0 (0) 2008-2009
0%
179 Johan Hansma DF 5 0 (0) 2000-2001
0%
196 Joost Broerse DF, MF 4 0 (0) 2009-2010
0%
231 Jordy de Wijs DF 2 0 (0) 2015-2017
0%
234 Max Houttuin MF 2 0 (0) 2000-2001
0%
218 Michel Kreek DF 3 0 (0) 2003-2004
0%
236 Mick van Buren MF, FW 2 0 (0) 2019-2020
0%
256 Mitch Stockentree DF 1 0 (0) 2010-2011
0%
257 Nicky Kuiper DF 1 0 (0) 2010-2011
0%
184 Olaf Lindenbergh MF 5 0 (0) 2005-2006
0%
166 Patrick van Diemen MF 6 0 (0) 2000-2001
0%
258 Rai Vloet MF, FW 1 0 (0) 2015-2016
0%
221 Ramon van Haaren DF 3 0 (0) 2001-2003
0%
222 Romano Denneboom FW 3 0 (0) 2000-2001
0%
150 Ronny Venema DF 6 1 (0) 2000-2001
0%
200 Sander van Gessel DF 4 0 (0) 2000-2001
0%
265 Santi Kolk MF, FW 1 0 (0) 2000-2001
0%
170 Steve Olfers DF 6 0 (0) 2008-2009
0%
269 Thomas van den Belt DF, MF 1 0 (0) 2023-2024
0%
238 Tieme Klompe DF 2 0 (0) 2000-2001
0%
270 Tommie van der Leegte MF 1 0 (0) 2007-2008
0%
152 Victor Sikora MF, FW 6 0 (1) 2002-2004
0%
No matching quizzes found
Score Distribution
Percent of People with Each Score
Percentile by Number Answered
Your Score History
You have not taken this quiz